10 Most Populous Mediterranean Countries - Statistics

General Stats
  • This quiz has been taken 322 times
  • The average score is 9 of 10
Answer Stats
Population Country % Correct
60,665,551 Italy
99%
46,812,000 Spain
98%
91,745,000 Egypt
97%
66,790,000 France
96%
40,400,000 Algeria
95%
10,858,018 Greece
95%
34,108,200 Morocco
95%
78,741,053 Turkey
95%
11,154,400 Tunisia
91%
18,564,000 Syria
84%
No matching quizzes found
Score Distribution
Percent of People with Each Score
Percentile by Number Answered
Your Score History
You have not taken this quiz